Transformadas de Laplace (Registro nro. 14701)

Detalles MARC
000 -Cabecera
Campo de control interno 00415nam a2200169Ia 4500
005 - Fecha y hora del registro
control field 20260306164933.0
008 - Elementos de Longitud Fija
fixed length control field 260306t9999||||xx |||||||||||||| ||spa||
041 ## - Idioma
Codigo Idioma ESP
082 ## - DEWEY y NOTACIÓN INTERNA
Dewey 515.723
Notación Interna C24
100 ## - AUTOR
Autor denominación Campoblanco Virhuez, Reynaldo A.
Término de relación autor
245 #0 - TÍTULO DE MATERIAL BIBLIOGRÁFICO
Título Transformadas de Laplace
300 ## - DESCRIPCIÓN
N° Páginas 365 páginas :
Dimensiones 22 cm.
650 ## - TEMAS
Temas Generalidades
654 ## - PROGRAMAS
Programa Dpto. de Matemáticas
942 ## - ELEMENTOS DE KOHA
Tipo de documento Libro
Nombre del creador Justo Noguera
Código de catalogador Justo Noguera
Esquema de clasificación Dewey Decimal Classification
Suppress in OPAC
Existencias
Codigo completo Registro Colección Copia número Disponibilidad Tipo de préstamo Biblioteca Actual Procedencia (Biblioteca) Ubicacón Fecha Ingreso Tipo de Adquisición Date last seen Total checkouts Price effective from Tipo de Item Estado del Material Fuente de Clasificación Damaged status Withdrawn status
515.723 C24 U0005860 Universidad Católica San Pablo 2 Disponible Disponible Víctor Andrés Belaunde Víctor Andrés Belaunde Segundo piso 03/06/2026 Compra 06/03/2026   06/03/2026 Libro Bueno Dewey Decimal Classification